000 00400 a2200097 4500
245 0 0 _aTelekomunikacyjne kable stacyjne i zakończeniowe małej częstotliwości - o izolacji i powłoce polwinitowej Ogólne wymagania i badania PN-92/T-90320 /
_cMin. Przemysłu.
246 1 3 _aPN-92/T-90320
246 1 3 _a621.315.221.8:621.39
260 _aWarszawa :
_bMin. Przemysłu,
_c1992.
300 _a8 stron ;
_c30 cm.
650 _aPolska norma
999 _c18954
_d18954